000 00347nam a2200145Ia 4500
008 191201s2004 xx 000 0 und d
082 _a621
_bGUP
100 _aGUPTA, M L
245 0 _aPrinciples of Electronics
250 _a2nd
260 _aN.Delhi
_bDhanpat Rai Pub (P) Ltd
_c2004
300 _a599
650 _aB.Tech(ECE)
942 _2ddc
_cBK
999 _c1081
_d1081